Introduccin̤ al Juicio Oral Civil en el Distrito Federal

Detalles Bibliográficos
Autor principal: Martn̕ez-Bastida, Eduardo
Formato: eBook
Lenguaje:español
Publicado: Coyoacǹ : Ral︢ Jur̀ez Carro Editorial, 2009
Materias:
Acceso en línea:http://www.vlex.com/source/7389

MARC

LEADER 00000nam a22000007a 4500
005 20130305154221.0
007 cr|||| ||||
008 130305e2009 mx |||||s|||| 00||0 spa d
035 |a 7389 
040 |a vLex 
090 |c 3832  |d 3832 
100 1 0 |a Martn̕ez-Bastida, Eduardo  
245 1 0 |a Introduccin̤ al Juicio Oral Civil en el Distrito Federal  |h [Recurso electrn̤ico]  |c / Eduardo Martn̕ez-Bastida 
256 |a Servicio en ln̕ea 
260 |a Coyoacǹ :  |b Ral︢ Jur̀ez Carro Editorial,   |c 2009  
300 |a 1 Recurso electrn̤ico 
506 |d vLex Global  |d vLex Global (Academic Edition, excluding Law Schools)  |d vLex Global (U.S. Academic Edition, Law Schools)  |d vLex Global (U.S. Academic Edition, excluding Law Schools)  |d vLex Global (Academic Edition, Law Schools) 
650 0 4 |a Procedimiento penal  |z Mx̌ico 
740 |a vLex Libros (Servicio en ln̕ea)  
856 |a Acceso restringido  |u http://www.vlex.com/source/7389 
942 |c BOOK 
999 0 |a Civil procedure